Welcome to the Holygrace Academy Library

Please use search bar below to get started

SERIOUSLY SILLY JOKES (Record no. 6048)

MARC details
000 -LEADER
fixed length control field 00297nam a22001337a 4500
020 ## - INTERNATIONAL STANDARD BOOK NUMBER
ISBN 978-1-84205-674-5
082 ## - DEWEY DECIMAL CLASSIFICATION NUMBER
Classification number 827
Item number GRO/S
100 ## - MAIN ENTRY--AUTHOR NAME
Personal name GROSSET : GEDDES
245 ## - TITLE STATEMENT
Title SERIOUSLY SILLY JOKES
260 ## - PUBLICATION, DISTRIBUTION, ETC. (IMPRINT)
Place of publication SCOTLAND
Name of publisher GEDDES & GROSSET
Year of publication 2011
520 ## - SUMMARY, ETC.
Summary, etc JOKES
650 ## - SUBJECT ADDED ENTRY--TOPICAL TERM
Topical Term JOKES
942 ## - ADDED ENTRY ELEMENTS (KOHA)
Koha item type Books

No items available.